LEADER 01194cam a22002654a 4500 001 000000118690 003 CaOOAMICUS 005 20091209155526.0 008 091209t2007 it b b 000 0 ita r 020 $a978-88-420-8408-2 040 $aPUL$bita$dReb 100 1 $aScirocco, Alfonso.$0(OLS)http://pul/name/74149 245 10$aGaribaldi :$bbattaglie, amori, ideali di un cittadino del mondo /$cAlfonso Scirocco. 260 $aRoma ;$aBari :$bLaterza,$c©2007. 300 $aix, 431 p. :$b1 c. geogr. ;$c21 cm. 490 1 $aEconomica Laterza ;$v442 504 $aBibliografia p. [405]-417. 600 14$aGaribaldi, Giuseppe,$d1807-1882$xBiografia.$0(OLS)http://pul/subject/24527 830 0$aEconomica Laterza ;$v442.$0(OLS)http://pul/title/39309 850 $aPUL 852 $aPUL$W1$xSL Cons. Gen., Altre Classi 3$y75$m945. 08 SCIAL 1$j136182$qDDC 21$B135168$CPULBib$Z2$F135168 $H111869 $82 941 1 $a9 996 $6020$a978-88-420-8408-2$9(OLS)http://pul/number/142750 996 $6245$aGaribaldi :$bbattaglie, amori, ideali di un cittadino del mondo$9(OLS)http://pul/title/149369 996 $6260$aRoma ;$aBari :$bLaterza$9(OLS)http://pul/publisher/57682 LEADER 01603nam a2200361 u 4500 001 000000059615 003 CaOOAMICUS 005 20080129094657.0 008 010703s1984 it u000 u ita u 020 $a8821186105 035 $a10895284 040 $aPUL(R)$bita$dPUL 041 1 $aita$hfre 100 1 $aLévinas, Emmanuel,$d1906-1995.$0(OLS)http://pul/name/11641 240 10$aNoms Propres.$lItaliano.$0(OLS)http://pul/title/79808 245 10$aNomi propri /$cEmmanuel Levinas ; edizione italiana a cura di Francesco Paolo Ciglia. 260 $aCasale Monferrato :$bMarietti,$c1984. 300 $axxi, 200 p. ;$c22 cm 490 1 $aCollana di filosofia ;$v10 500 $aContiene note del curatore. 650 4$aOntologia$xStudi.$0(OLS)http://pul/subject/23178 650 4$aFilosofi$ySec. XIX-XX$xCritica e interpretazione.$0(OLS)http://pul/subject/23179 700 1 $aCiglia, Francesco Paolo,$d1952-$0(OLS)http://pul/name/41064 830 0$aCollana di filosofia (Marietti) ;$v10.$0(OLS)http://pul/title/8088 850 $aPUL 852 $aPUL$W1$xSL Filosofia 2$y80$mPhil A24 10$j77732$nBK-PRI$b $qStampati altre collocazioni$B77732$CPULBib$Z2$F77732 $81 852 $aPUL$W1$xSL Religione 3$y85$m296. 3 LEVEM 3$j77733$nBK-PRI$ac. 2 $qDDC 21$B77733$CPULBib$Z2$F77733 $HPUL97682 $82 941 1 $a10 941 1 $a9 961 $aINV: 65663 996 $6020$a8821186105$9(OLS)http://pul/number/76165 996 $6245$aNomi propri$9(OLS)http://pul/title/79809 996 $6260$aCasale Monferrato :$bMarietti$9(OLS)http://pul/publisher/49070